Om bergshandteringen i Spanien / (Record no. 160764)

MARC details
000 -LEADER
campo de control de longitud fija 00825nam a22001935i 4500
001 - NÚMERO DE CONTROL
campo de control 160764
003 - IDENTIFICADOR DE NÚMERO DE CONTROL
campo de control ES-MaACL
005 - FECHA Y HORA DE LA ÚLTIMA TRANSACCIÓN
campo de control 20230906212125.0
008 - DATOS DE LONGITUD FIJA--INFORMACIÓN GENERAL
campo de control de longitud fija 041015s1885 sw a |||| | swe d
040 ## - FUENTE DE CATALOGACIÓN
Centro catalogador/agencia de origen CAM
Lengua de catalogación spa
Centro/agencia transcriptor CAM
100 1# - ENTRADA PRINCIPAL--NOMBRE DE PERSONA
Nombre de persona Nordenström, G.
9 (RLIN) 130522
245 10 - MENCIÓN DEL TÍTULO
Título Om bergshandteringen i Spanien /
Mención de responsabilidad, etc. af G. Nordenström.
260 ## - PUBLICACIÓN, DISTRIBUCIÓN, ETC.
Lugar de publicación, distribución, etc. Stockholm :
Nombre del editor, distribuidor, etc. Tryckt Hos K.L. Beckman,
Fecha de publicación, distribución, etc. 1885.
300 ## - DESCRIPCIÓN FÍSICA
Extensión 166 p., [1] h. pleg., [16] h. pleg. de lám. ;
Dimensiones 23 cm.
594 ## - Nota al título y mención de responsabilidad
Nota al título y mención de responsabilidad Precede al tit.: "Internationela Utställnin..., III, Teknisk Redogörelse fran Svenska Kommissariatet"
650 #4 - PUNTO DE ACCESO ADICIONAL DE MATERIA--TÉRMINO DE MATERIA
Término de materia o nombre geográfico como elemento de entrada Minería-
Subdivisión geográfica España.
9 (RLIN) 141625
752 ## - ENTRADA AGREGADA--NOMBRE JERÁRQUICO DEL LUGAR
País o entidad superior Suecia -
Ciudad Estocolmo
852 ## - LOCALIZACIÓN
Ubicación ES-MaACL
Número de control de estantería B-7465
Nota libre -- Enc. hol.
-- -- Legado de Federico de Botella y de Hornos
-- -- La etiqueta que indica el legado tapa parte del "precede al tit."
Holdings
Estatus retirado Estado de pérdida Estado de daño No para préstamo Colección Biblioteca de origen Biblioteca actual Ubicación en estantería Fecha de adquisición Fuente de adquisición Total de préstamos Signatura topográfica completa Código de barras Visto por última vez Precio de reemplazo Tipo de ítem Koha
        Libros del s. XIX Biblioteca del Ateneo de Madrid Biblioteca del Ateneo de Madrid Sala Pardo Bazán 17/01/2008     B-7465 1168350 23/02/2023 23/02/2023 Libro impreso antiguo